Top 10 Movie Trilogies Quiz Stats

 Plays Quiz not verified by Sporcle

Support Sporcle.
Go Orange.
Score 0/10 Timer 05:00
0 Plays Today
Ranking Movie Trilogy % Correct
#5The Lord of the Rings
89.4%
#2Spiderman
56.2%
#6Toy Story
55.1%
#8The Matrix
38.8%
#3Transformers
31.4%
#9Ice Age
23%
#7Jurassic Park
22.4%
#1Star Wars: Episode 1-3
10.6%
#4Star Wars: Episode 4-6
7.9%
#10Alvin and the Chipmunks
6.6%

You're not logged in!

Compare scores with friends on all Sporcle quizzes.
OR
Log In
Forgot?

From the Vault

Big 4 Sports Champs of the 1980s

by philly_phan

4 leagues, 10 years, 40 clicks.
Remove Ads.
Support Sporcle.
Get the best of Sporcle when you Go Orange. This ad-free experience offers more features, more stats, and more fun while also helping to support Sporcle. Thank you for becoming a member.

Show Comments

Extras

Top Quizzes Today


Score Distribution

Your Account Isn't Verified!

In order to create a playlist on Sporcle, you need to verify the email address you used during registration. Go to your Sporcle Settings to finish the process.

Report this User

Report this user for behavior that violates our Community Guidelines.

Details: